[Event "Thüringenliga 2025/26"]
[Site "?"]
[Date "2026.03.29"]
[Round "8.2"]
[White "Hermannsdörfer, Frank"]
[Black "Wicklein, Stefan"]
[Result "1/2-1/2"]
[WhiteElo "2066"]
[BlackElo "2003"]
[WhiteFideId "-1"]
[BlackFideId "-1"]
[PlyCount "92"]
[GameId "2296317645324718"]
[EventDate "2025.09.14"]
[EventType "team-tourn"]
[EventRounds "9"]
[SourceTitle "Thueringer Schachbund"]
[Source "ThSB"]
[SourceDate "2025.09.14"]
[SourceVersion "1"]
[SourceVersionDate "2025.09.14"]
[SourceQuality "1"]
[WhiteTeam "SV 1861 Liebschwitz"]
[BlackTeam "fuß brothers Jena"]

{[%evp 0,92,22,-13,-10,-11,-23,-19,-17,-16,5,-6,-6,-13,-7,-28,9,9,15,17,13,31,44,3,4,3,17,23,15,14,2,-16,-16,-28,-20,-22,-17,-25,-32,-20,3,1,17,32,30,30,46,49,78,70,98,90,76,71,78,67,65,65,111,111,108,108,103,108,119,108,131,118,143,105,101,103,142,76,74,96,106,114,125,81,107,114,104,112,99,109,92,73,46,45,44,-81,-70,-93,-26]} 1. b3 d5 2. Bb2 Bf5 3. e3 e6 4. Nf3 h6 5. d3 Nf6 6. Nbd2 Be7 7. Qe2 c5 8. Ne5 Nbd7 9. g4 Bh7 10. Nxd7 Qxd7 11. Nf3 Qc7 12. Rg1 Qa5+ 13. Qd2 Qxd2+ 14. Kxd2 c4 15. Ne5 cxd3 16. cxd3 Bb4+ 17. Kd1 Rc8 18. a3 Bd6 19. Kd2 Ke7 20. Be2 Rc7 21. Rac1 Rhc8 22. Rxc7+ Rxc7 23. h4 Kf8 24. g5 hxg5 25. hxg5 Ne8 26. g6 Bxg6 27. Nxg6+ fxg6 28. Rxg6 e5 29. Rg5 Re7 30. b4 Nf6 31. Bd1 Ke8 32. Bb3 Kd7 33. f3 Kc6 34. Rg6 a6 35. Bc3 Bc7 36. Ba4+ b5 37. Bb3 Bb6 38. e4 dxe4 39. fxe4 Bd4 40. Bxd4 exd4 41. a4 bxa4 42. Bxa4+ Kb6 43. Rg1 g5 44. Rf1 Ng4 45. Rg1 Ne5 46. Rh1 Rg7 1/2-1/2

[Event "Thüringenliga 2025/26"]
[Site "?"]
[Date "2026.03.29"]
[Round "8.3"]
[White "Latka, Richard"]
[Black "Kastner, Peter"]
[Result "1-0"]
[WhiteElo "1944"]
[BlackElo "1971"]
[WhiteFideId "-1"]
[BlackFideId "-1"]
[PlyCount "77"]
[GameId "2296317645361583"]
[EventDate "2025.09.14"]
[EventType "team-tourn"]
[EventRounds "9"]
[SourceTitle "Thueringer Schachbund"]
[Source "ThSB"]
[SourceDate "2025.09.14"]
[SourceVersion "1"]
[SourceVersionDate "2025.09.14"]
[SourceQuality "1"]
[WhiteTeam "fuß brothers Jena"]
[BlackTeam "SV 1861 Liebschwitz"]

{[%evp 0,77,23,36,25,22,15,2,13,-41,9,9,7,-20,-20,-224,-227,-196,-191,-232,-183,-187,-175,-187,-187,-194,-155,-185,-50,-57,-49,-27,-27,-27,-35,-160,-124,-125,-99,-100,-119,-110,-63,-83,23,-37,-45,-45,-10,-35,-65,-132,-91,-76,-51,-49,-57,-40,-32,-72,12,0,9,-29,234,241,809,371,652,672,699,737,731,750,793,810,905,932,1894,1322]} 1. e4 e5 2. Nf3 Nc6 3. d4 exd4 4. c3 Nf6 5. e5 Nd5 6. Bc4 Nb6 7. Bxf7+ Kxf7 8. Qb3+ Ke8 9. O-O Be7 10. cxd4 d5 11. exd6 Qxd6 12. Re1 Kd8 13. Ng5 Rf8 14. Nf7+ Rxf7 15. Qxf7 Qf6 16. Qg8+ Qf8 17. Qb3 Bf5 18. Be3 Nb4 19. Na3 a5 20. Bd2 Kd7 21. Qf3 N4d5 22. Re5 Be6 23. Qe4 Nf6 24. Qe2 Bd5 25. Qb5+ Bc6 26. Qb3 Nbd5 27. Qh3+ Kd8 28. Nc4 Bd6 29. Ree1 b6 30. Ne5 Bb5 31. Bg5 h6 32. Qe6 Qe7 33. Nf7+ Ke8 34. Nxd6+ cxd6 35. Qxd6 hxg5 36. Rxe7+ Nxe7 37. Re1 Nfg8 38. Qd5 Bc6 39. Qxc6+ 1-0

[Event "Thüringenliga 2025/26"]
[Site "?"]
[Date "2026.03.29"]
[Round "8.4"]
[White "Biel, Maik"]
[Black "Kloß, Thomas"]
[Result "1/2-1/2"]
[WhiteElo "1915"]
[BlackElo "1924"]
[WhiteFideId "-1"]
[BlackFideId "-1"]
[PlyCount "32"]
[GameId "2296317645398448"]
[EventDate "2025.09.14"]
[EventType "team-tourn"]
[EventRounds "9"]
[SourceTitle "Thueringer Schachbund"]
[Source "ThSB"]
[SourceDate "2025.09.14"]
[SourceVersion "1"]
[SourceVersionDate "2025.09.14"]
[SourceQuality "1"]
[WhiteTeam "SV 1861 Liebschwitz"]
[BlackTeam "fuß brothers Jena"]

{[%evp 0,32,22,22,22,4,-4,-51,-3,-63,-20,-50,-36,-41,-64,-53,-47,-49,-57,-116,-106,-100,-98,-101,-73,-71,-14,-13,8,14,7,-11,-13,-6,-3]} 1. d4 Nf6 2. c4 e6 3. Bg5 h6 4. Bh4 Bb4+ 5. Nc3 c5 6. dxc5 Na6 7. e3 Bxc3+ 8. bxc3 Nxc5 9. Qc2 b6 10. Nf3 Bb7 11. Nd2 Qe7 12. f3 d5 13. cxd5 exd5 14. Bb5+ Kf8 15. Bf2 Rc8 16. O-O g6 1/2-1/2

[Event "Thüringenliga 2025/26"]
[Site "?"]
[Date "2026.03.29"]
[Round "8.5"]
[White "Richter, Sebastian"]
[Black "Kitzig, Tobias"]
[Result "1/2-1/2"]
[WhiteElo "1845"]
[BlackElo "1850"]
[WhiteFideId "-1"]
[BlackFideId "-1"]
[PlyCount "34"]
[GameId "2296317645431217"]
[EventDate "2025.09.14"]
[EventType "team-tourn"]
[EventRounds "9"]
[SourceTitle "Thueringer Schachbund"]
[Source "ThSB"]
[SourceDate "2025.09.14"]
[SourceVersion "1"]
[SourceVersionDate "2025.09.14"]
[SourceQuality "1"]
[WhiteTeam "fuß brothers Jena"]
[BlackTeam "SV 1861 Liebschwitz"]

{[%evp 0,34,22,15,15,12,13,22,27,27,28,21,24,24,33,23,25,11,8,4,5,7,25,34,26,10,28,-18,-14,-18,21,0,6,-13,-24,-29,-10]} 1. e4 e5 2. Nf3 Nf6 3. Nxe5 d6 4. Nf3 Nxe4 5. d3 Nf6 6. d4 d5 7. Bd3 Bd6 8. h3 h6 9. O-O O-O 10. Re1 Nbd7 11. Nc3 c6 12. Ne2 Re8 13. Be3 Nf8 14. c3 Ne6 15. Qc2 Qc7 16. Rad1 Bd7 17. Qc1 Ne4 1/2-1/2

[Event "Thüringenliga 2025/26"]
[Site "?"]
[Date "2026.03.29"]
[Round "8.6"]
[White "Meissner, Steffen"]
[Black "Latka, Robert"]
[Result "1-0"]
[WhiteElo "1790"]
[BlackElo "1850"]
[WhiteFideId "-1"]
[BlackFideId "-1"]
[PlyCount "49"]
[GameId "2296317645472178"]
[EventDate "2025.09.14"]
[EventType "team-tourn"]
[EventRounds "9"]
[SourceTitle "Thueringer Schachbund"]
[Source "ThSB"]
[SourceDate "2025.09.14"]
[SourceVersion "1"]
[SourceVersionDate "2025.09.14"]
[SourceQuality "1"]
[WhiteTeam "SV 1861 Liebschwitz"]
[BlackTeam "fuß brothers Jena"]

{[%evp 0,49,22,15,43,67,43,11,14,19,55,33,45,33,40,8,8,-13,23,0,-4,-11,0,-8,10,-5,9,-10,-18,-8,-9,-10,14,8,20,19,-18,-7,-9,-3,-8,-1,-6,-2,-2,-15,315,322,328,328,328,332]} 1. e4 c5 2. Nf3 Nc6 3. d4 cxd4 4. Nxd4 Nf6 5. Nc3 e5 6. Ndb5 d6 7. Bg5 a6 8. Na3 b5 9. Nd5 Be7 10. Bxf6 Bxf6 11. c3 O-O 12. Nc2 Bg5 13. Nce3 Be6 14. Bd3 Ne7 15. Bc2 Bxe3 16. Nxe3 d5 17. exd5 Nxd5 18. Nxd5 Qxd5 19. Qxd5 Bxd5 20. O-O Rfd8 21. Rfe1 f6 22. Rad1 a5 23. Rxd5 Rxd5 24. Bb3 Rad8 25. Rd1 1-0

[Event "Thüringenliga 2025/26"]
[Site "?"]
[Date "2026.03.29"]
[Round "8.7"]
[White "Götting, Danilo"]
[Black "Müller, Gunther"]
[Result "1/2-1/2"]
[WhiteElo "1711"]
[BlackElo "1696"]
[WhiteFideId "-1"]
[BlackFideId "-1"]
[PlyCount "35"]
[GameId "2296317645504947"]
[EventDate "2025.09.14"]
[EventType "team-tourn"]
[EventRounds "9"]
[SourceTitle "Thueringer Schachbund"]
[Source "ThSB"]
[SourceDate "2025.09.14"]
[SourceVersion "1"]
[SourceVersionDate "2025.09.14"]
[SourceQuality "1"]
[WhiteTeam "fuß brothers Jena"]
[BlackTeam "SV 1861 Liebschwitz"]

{[%evp 0,35,22,12,59,21,-7,-10,-13,-9,8,1,19,14,31,43,45,-28,7,-90,-85,-81,-76,-102,-61,-62,-63,-60,-63,-56,-64,-60,-71,-57,-70,-88,-71,-98]} 1. e4 c5 2. c3 d5 3. exd5 Qxd5 4. d4 Nf6 5. Nf3 e6 6. Bd3 Be7 7. Na3 O-O 8. Nb5 Na6 9. dxc5 Nxc5 10. Be2 Qxd1+ 11. Bxd1 Nd3+ 12. Ke2 Nxc1+ 13. Rxc1 b6 14. Bc2 Bb7 15. Rhd1 a6 16. Nbd4 Rfd8 17. g3 Rac8 18. Bd3 1/2-1/2

[Event "Thüringenliga 2025/26"]
[Site "?"]
[Date "2026.03.29"]
[Round "8.8"]
[White "Reiher, Klaus"]
[Black "Richter, Jan"]
[Result "0-1"]
[WhiteElo "1680"]
[BlackElo "1887"]
[WhiteFideId "-1"]
[BlackFideId "-1"]
[PlyCount "68"]
[GameId "2296317645541812"]
[EventDate "2025.09.14"]
[EventType "team-tourn"]
[EventRounds "9"]
[SourceTitle "Thueringer Schachbund"]
[Source "ThSB"]
[SourceDate "2025.09.14"]
[SourceVersion "1"]
[SourceVersionDate "2025.09.14"]
[SourceQuality "1"]
[WhiteTeam "SV 1861 Liebschwitz"]
[BlackTeam "fuß brothers Jena"]

{[%evp 0,68,22,22,22,17,14,0,50,28,46,27,34,9,10,13,1,5,5,-9,13,-27,-10,-53,-36,-27,-35,-37,-72,-50,-26,-44,-30,-34,-33,-70,-90,-59,-63,-55,-19,-27,-38,-25,-16,-5,-16,-27,-12,-16,-32,-31,-27,-80,-79,-62,-62,-212,-226,-251,-261,-262,-270,-272,-202,-209,-214,-217,-220,-382,-265]} 1. d4 Nf6 2. Bf4 c5 3. e3 g6 4. Be2 Bg7 5. c3 O-O 6. Nf3 cxd4 7. exd4 d6 8. O-O Nc6 9. d5 Nb8 10. Qb3 Nbd7 11. Rd1 Nc5 12. Qc2 Bf5 13. Qc1 Rc8 14. Bg5 Qb6 15. Be3 Qc7 16. Bd4 a6 17. Bxf6 Bxf6 18. Nbd2 b5 19. Nb3 Na4 20. Nfd4 Bd7 21. Bf3 Qb6 22. Qd2 Rc4 23. h3 Rfc8 24. Rab1 b4 25. cxb4 Qxb4 26. Qxb4 Rxb4 27. Rd2 Nc5 28. Rc1 Bg5 29. Rcd1 Bxd2 30. Rxd2 Nxb3 31. Nxb3 Bb5 32. Nd4 Rbc4 33. Kh2 Rc1 34. Nb3 R1c2 0-1

[Event "Thüringenliga 2025/26"]
[Site "?"]
[Date "2026.03.29"]
[Round "8.1"]
[White "Aniol, Adrian"]
[Black "Sondermann, Johannes"]
[Result "0-1"]
[WhiteElo "1896"]
[BlackElo "1997"]
[WhiteFideId "-1"]
[BlackFideId "-1"]
[PlyCount "130"]
[GameId "2293087210721426"]
[EventDate "2025.09.14"]
[EventType "team-tourn"]
[EventRounds "9"]
[SourceTitle "Thueringer Schachbund"]
[Source "ThSB"]
[SourceDate "2025.09.14"]
[SourceVersion "1"]
[SourceVersionDate "2025.09.14"]
[SourceQuality "1"]
[WhiteTeam "VfL 1990 Gera"]
[BlackTeam "Meuselwitzer SV"]

{[%evp 0,54,17,10,54,2,18,24,24,22,29,16,22,22,33,33,24,38,30,11,23,30,33,19,-16,-17,-12,-19,-12,0,0,17,3,-29,-44,-65,-66,-89,-60,-117,-40,-4,14,-40,-42,-40,-34,-34,-26,-31,-31,-47,-51,-59,-61,-51,-59]} 1. e4 c5 2. c3 Nf6 3. e5 Nd5 4. d4 cxd4 5. cxd4 d6 6. Nf3 Nc6 7. Bc4 e6 8. O-O Be7 9. Re1 O-O 10. Nc3 dxe5 11. Nxe5 Nxe5 12. Rxe5 Bf6 13. Re2 Nb6 14. Bb3 Qxd4 15. Be3 Qh4 16. Bxb6 axb6 17. Re4 Qg5 18. Qf3 Rd8 19. Bc2 e5 20. Rb4 Qd2 21. Bb3 Rd3 22. Rd1 Qxd1+ 23. Bxd1 Rxf3 24. Bxf3 Bd8 25. a3 Ra5 26. h3 f5 27. Bd5+ Kf8 28. Bc4 Rc5 29. Na4 Rc6 30. b3 Ke7 31. Kf1 Be6 32. Bxe6 Kxe6 33. Ke2 Be7 34. Rxb6 Rxb6 35. Nxb6 Bxa3 36. f3 Bc5 37. Nc4 b5 38. Nd2 Bb4 39. Nf1 Bc5 40. Kd3 Kd5 41. Ng3 g6 42. Kc3 Bf2 43. Ne2 Be1+ 44. Kd3 e4+ 45. fxe4+ fxe4+ 46. Kc2 Ke5 47. Kd1 Ba5 48. Kc2 Bb4 49. Kd1 h5 50. g3 g5 51. h4 Be7 52. hxg5 Bxg5 53. Nc3 b4 54. Na2 Be7 55. Ke2 Kd4 56. Kd2 Bd6 57. Ke2 e3 58. Kd1 Kd3 59. Nc1+ Kc3 60. Ke2 Bc5 61. Kd1 Bb6 62. Ke2 Kc2 63. Nd3 Kxb3 64. Nf4 Kc2 65. Nxh5 b3 0-1

[Event "Thüringenliga 2025/26"]
[Site "?"]
[Date "2026.03.29"]
[Round "8.2"]
[White "Naundorf, Johannes"]
[Black "Aniol, Nico"]
[Result "1/2-1/2"]
[WhiteElo "1949"]
[BlackElo "2050"]
[WhiteFideId "-1"]
[BlackFideId "-1"]
[PlyCount "65"]
[GameId "2293092598426081"]
[EventDate "2025.09.14"]
[EventType "team-tourn"]
[EventRounds "9"]
[SourceTitle "Thueringer Schachbund"]
[Source "ThSB"]
[SourceDate "2025.09.14"]
[SourceVersion "1"]
[SourceVersionDate "2025.09.14"]
[SourceQuality "1"]
[WhiteTeam "Meuselwitzer SV"]
[BlackTeam "VfL 1990 Gera"]

{[%evp 0,65,22,22,18,-16,-13,-12,10,18,21,20,31,-1,10,-16,5,9,43,43,41,33,66,33,45,27,41,12,12,0,12,-19,-25,-11,-12,-8,5,-3,-30,-82,-25,-41,0,-39,41,-46,-69,-77,-48,-86,-10,14,-10,-18,-16,-12,145,65,54,77,55,58,108,73,45,67,48,65]} 1. d4 d5 2. Bg5 h6 3. Bh4 c5 4. e3 g5 5. Bg3 Bg7 6. c3 cxd4 7. exd4 Bf5 8. Qb3 b6 9. Bb5+ Kf8 10. Nf3 e6 11. Qa3+ Ne7 12. Nbd2 f6 13. Bxb8 Rxb8 14. Qxa7 Kf7 15. Qd7 Qxd7 16. Bxd7 b5 17. Nb3 Rhd8 18. Nc5 Ng6 19. a4 bxa4 20. Rxa4 Rxb2 21. O-O Nf4 22. Re1 Bf8 23. Ra7 Be7 24. Kf1 Rc2 25. g3 Bh3+ 26. Kg1 Ne2+ 27. Kh1 Kf8 28. Nxe6+ Bxe6 29. Bxe6 Nxc3 30. Bf5 Ne4 31. Bxe4 dxe4 32. Rxe4 Rxf2 33. Rexe7 1/2-1/2

[Event "Thüringenliga 2025/26"]
[Site "?"]
[Date "2026.03.29"]
[Round "8.3"]
[White "Seidens, Gunter"]
[Black "Sniegowski, Richard"]
[Result "0-1"]
[WhiteElo "1927"]
[BlackElo "1917"]
[WhiteFideId "-1"]
[BlackFideId "-1"]
[PlyCount "56"]
[GameId "2293095459404686"]
[EventDate "2025.09.14"]
[EventType "team-tourn"]
[EventRounds "9"]
[SourceTitle "Thueringer Schachbund"]
[Source "ThSB"]
[SourceDate "2025.09.14"]
[SourceVersion "1"]
[SourceVersionDate "2025.09.14"]
[SourceQuality "1"]
[WhiteTeam "VfL 1990 Gera"]
[BlackTeam "Meuselwitzer SV"]

{[%evp 0,56,22,-39,10,-2,15,15,15,-22,-33,-44,-19,-45,-42,-48,-39,-35,-40,-39,46,6,39,-40,-40,-40,-25,-37,-23,-33,-36,-26,-24,-36,-47,-49,-51,-123,-133,-229,-232,-253,-274,-252,-244,-266,-266,-262,-242,-285,-206,-289,-301,-431,-291,-905,-684,-666,-698]} 1. f4 e5 2. fxe5 d6 3. Nf3 dxe5 4. e4 Nf6 5. Bc4 Bc5 6. d3 O-O 7. Bg5 Nc6 8. Nc3 Qd6 9. Qd2 Nd4 10. Nxd4 exd4 11. Bxf6 Qxf6 12. Nd5 Qe5 13. O-O c6 14. Nf4 Bd6 15. g3 Kh8 16. Rae1 b5 17. Bb3 a5 18. a4 Bb4 19. c3 dxc3 20. Qc2 cxb2 21. Rb1 bxa4 22. Bxa4 Rb8 23. Kg2 Ba3 24. Bxc6 Be6 25. Qa4 Qc3 26. Nd5 Qxd3 27. Rbd1 Qe2+ 28. Rf2 Qxd1 0-1

[Event "Thüringenliga 2025/26"]
[Site "?"]
[Date "2026.03.29"]
[Round "8.4"]
[White "Bellmann, Daniel"]
[Black "Huster, Mike"]
[Result "1/2-1/2"]
[WhiteElo "1866"]
[BlackElo "1906"]
[WhiteFideId "-1"]
[BlackFideId "-1"]
[PlyCount "46"]
[GameId "2293099688509062"]
[EventDate "2025.09.14"]
[EventType "team-tourn"]
[EventRounds "9"]
[SourceTitle "Thueringer Schachbund"]
[Source "ThSB"]
[SourceDate "2025.09.14"]
[SourceVersion "1"]
[SourceVersionDate "2025.09.14"]
[SourceQuality "1"]
[WhiteTeam "Meuselwitzer SV"]
[BlackTeam "VfL 1990 Gera"]

{[%evp 0,46,22,12,57,-45,32,32,24,35,35,-3,1,-17,11,26,26,21,26,26,33,32,34,-28,-75,-69,-26,-28,-50,-32,-43,-70,-29,-75,-26,-26,-34,-61,-56,-49,-40,-36,-16,-16,-18,-21,-5,-20,-10]} 1. e4 Nf6 2. Bc4 d5 3. exd5 Nxd5 4. Nc3 e6 5. Qf3 Nb6 6. Bb3 Nc6 7. Nge2 Be7 8. O-O O-O 9. Rd1 Na5 10. d4 Bd7 11. d5 Nxb3 12. axb3 exd5 13. Nxd5 Nxd5 14. Qxd5 Bg4 15. Kf1 Bf6 16. c3 c6 17. Qxd8 Rfxd8 18. Be3 Rxd1+ 19. Rxd1 a5 20. Bb6 Be6 21. Nd4 Bxd4 22. Rxd4 Bxb3 23. Bxa5 f6 1/2-1/2

[Event "Thüringenliga 2025/26"]
[Site "?"]
[Date "2026.03.29"]
[Round "8.5"]
[White "Schönfeld, Volker"]
[Black "Barth, Jürgen"]
[Result "1-0"]
[WhiteElo "1835"]
[BlackElo "1781"]
[WhiteFideId "-1"]
[BlackFideId "-1"]
[PlyCount "78"]
[GameId "2293101308772342"]
[EventDate "2025.09.14"]
[EventType "team-tourn"]
[EventRounds "9"]
[SourceTitle "Thueringer Schachbund"]
[Source "ThSB"]
[SourceDate "2025.09.14"]
[SourceVersion "1"]
[SourceVersionDate "2025.09.14"]
[SourceQuality "1"]
[WhiteTeam "VfL 1990 Gera"]
[BlackTeam "Meuselwitzer SV"]

{[%evp 0,78,22,12,43,43,47,72,72,69,60,43,71,62,81,72,124,105,78,0,93,125,138,146,138,134,150,136,136,110,105,92,79,58,124,76,130,150,129,153,80,54,45,53,41,49,53,56,65,34,57,23,74,66,66,76,83,70,71,78,79,86,106,106,153,149,149,149,160,152,197,226,270,246,449,490,558,560,833,863,1024]} 1. e4 d5 2. exd5 Qxd5 3. Nc3 Qa5 4. d4 Nf6 5. Bc4 c6 6. Nf3 Bg4 7. h3 Bh5 8. g4 Bg6 9. h4 h5 10. Ne5 Nbd7 11. Nxg6 fxg6 12. Qd3 O-O-O 13. g5 Nd5 14. Bxd5 cxd5 15. Bf4 e5 16. dxe5 Bb4 17. O-O Bxc3 18. bxc3 Rhf8 19. Bg3 Rf5 20. Rfe1 Nc5 21. Qd4 Ne6 22. Qb4 Qxb4 23. cxb4 b6 24. Rac1 Rf7 25. c4 dxc4 26. Rxc4+ Rc7 27. Rec1 Rdd7 28. Kg2 Rxc4 29. Rxc4+ Rc7 30. Rxc7+ Kxc7 31. Kf3 Kc6 32. Ke4 a5 33. a3 axb4 34. axb4 Nc7 35. f4 Nd5 36. f5 Nxb4 37. f6 gxf6 38. exf6 Kd7 39. f7 Ke7 1-0

[Event "Thüringenliga 2025/26"]
[Site "?"]
[Date "2026.03.29"]
[Round "8.6"]
[White "Schmidt, Jens"]
[Black "Drechsel, Uwe"]
[Result "1-0"]
[WhiteElo "1713"]
[BlackElo "1866"]
[WhiteFideId "-1"]
[BlackFideId "-1"]
[PlyCount "91"]
[GameId "2293104188473777"]
[EventDate "2025.09.14"]
[EventType "team-tourn"]
[EventRounds "9"]
[SourceTitle "Thueringer Schachbund"]
[Source "ThSB"]
[SourceDate "2025.09.14"]
[SourceVersion "1"]
[SourceVersionDate "2025.09.14"]
[SourceQuality "1"]
[WhiteTeam "Meuselwitzer SV"]
[BlackTeam "VfL 1990 Gera"]

{[%evp 0,91,22,22,25,18,14,11,36,-8,0,-5,-18,6,-8,-3,-1,0,14,16,23,29,35,39,56,7,3,-15,-24,-20,-12,-15,-17,-21,7,-12,17,-3,23,0,3,17,1,-86,41,-7,62,56,83,66,91,86,79,95,101,101,81,76,85,45,35,43,42,20,20,108,86,1,0,-51,24,-20,-3,-11,0,0,33,0,83,29,163,174,250,217,214,221,222,239,236,244,702,738,781,805]} 1. d4 e6 2. Nf3 d5 3. e3 c5 4. b3 cxd4 5. exd4 Nf6 6. Bb2 Nc6 7. Nbd2 Bd7 8. a3 Rc8 9. Bd3 Bd6 10. O-O Ne7 11. Ne5 Ng6 12. Rc1 Nf4 13. Nxd7 Qxd7 14. Nf3 Nxd3 15. Qxd3 O-O 16. c4 Ne4 17. c5 Bb8 18. Rc2 f6 19. b4 g5 20. Nd2 f5 21. f3 Nf6 22. Re1 Kf7 23. Nb3 h5 24. Bc1 Rg8 25. c6 Qc7 26. g3 b6 27. Rce2 Rce8 28. b5 h4 29. Rg2 Nh5 30. g4 h3 31. Rf2 Nf4 32. Bxf4 Qxf4 33. Qe3 e5 34. Qxf4 exf4 35. Rfe2 Rxe2 36. Rxe2 fxg4 37. fxg4 Bd6 38. a4 Bb4 39. Kf2 Rf8 40. Re5 Kf6 41. Rxd5 Re8 42. Rf5+ Kg6 43. Re5 Rd8 44. Kf3 Bd6 45. Re6+ Kf7 46. Rxd6 1-0

[Event "Thüringenliga 2025/26"]
[Site "?"]
[Date "2026.03.29"]
[Round "8.7"]
[White "Pekrul, Jürgen"]
[Black "Kretzschmar, Bernd"]
[Result "1-0"]
[WhiteElo "1784"]
[BlackElo "1842"]
[WhiteFideId "-1"]
[BlackFideId "-1"]
[PlyCount "85"]
[GameId "2293106855789407"]
[EventDate "2025.09.14"]
[EventType "team-tourn"]
[EventRounds "9"]
[SourceTitle "Thueringer Schachbund"]
[Source "ThSB"]
[SourceDate "2025.09.14"]
[SourceVersion "1"]
[SourceVersionDate "2025.09.14"]
[SourceQuality "1"]
[WhiteTeam "VfL 1990 Gera"]
[BlackTeam "Meuselwitzer SV"]

{[%evp 0,85,22,22,62,34,34,26,34,33,42,35,82,70,69,76,74,44,54,12,72,42,55,70,32,33,40,36,45,45,45,56,154,176,164,86,103,19,2,19,8,1,13,16,1,-41,0,0,16,-16,22,0,53,45,44,49,40,48,115,59,40,22,143,138,177,153,240,228,254,259,261,269,320,297,312,320,386,375,370,256,264,267,290,352,579,571,749,762]} 1. d4 g6 2. c4 Bg7 3. Nc3 d6 4. e4 Nd7 5. Nf3 c6 6. Be2 e5 7. O-O Ngf6 8. h3 O-O 9. Be3 Qe7 10. dxe5 dxe5 11. Qc2 Nh5 12. Rfd1 Nf4 13. Bf1 Nc5 14. b4 Na6 15. a3 Nc7 16. Bc5 Qf6 17. Bxf8 Bxf8 18. Kh2 Nxh3 19. gxh3 Qxf3 20. Bg2 Qf4+ 21. Kg1 Ne6 22. Ne2 Qg5 23. Qd2 Qf6 24. Rac1 a5 25. c5 axb4 26. axb4 h5 27. Ra1 Rxa1 28. Rxa1 Ng5 29. Qe3 Ne6 30. Ra8 Bd7 31. Qd3 Qe7 32. Rb8 Nd8 33. Qd6 Qe8 34. Qc7 Be7 35. Qxe5 f6 36. Qg3 Kh7 37. Nd4 Qf7 38. Qc7 Qe8 39. e5 fxe5 40. Qxe5 Qf7 41. Nf3 Qf6 42. Qc7 Qa1+ 43. Kh2 1-0

[Event "Thüringenliga 2025/26"]
[Site "?"]
[Date "2026.03.29"]
[Round "8.8"]
[White "Großmann, Dominic"]
[Black "Fijalkowski, Jürgen"]
[Result "1/2-1/2"]
[WhiteElo "1734"]
[BlackElo "1831"]
[WhiteFideId "-1"]
[BlackFideId "-1"]
[PlyCount "65"]
[GameId "2293109931984248"]
[EventDate "2025.09.14"]
[EventType "team-tourn"]
[EventRounds "9"]
[SourceTitle "Thueringer Schachbund"]
[Source "ThSB"]
[SourceDate "2025.09.14"]
[SourceVersion "1"]
[SourceVersionDate "2025.09.14"]
[SourceQuality "1"]
[WhiteTeam "Meuselwitzer SV"]
[BlackTeam "VfL 1990 Gera"]

{[%evp 0,33,25,25,25,22,22,17,41,38,30,16,16,11,13,11,4,10,50,41,35,33,26,26,15,37,58,84,75,47,25,10,36,32,56,48]} 1. d4 Nf6 2. Nf3 e6 3. Bf4 b6 4. e3 Bb7 5. Nbd2 Be7 6. c3 O-O 7. Qc2 d6 8. Bd3 Ba6 9. Bxa6 Nxa6 10. h3 c5 11. Rd1 Nd5 12. Bg3 Qc8 13. e4 Ndc7 14. e5 d5 15. a3 Rd8 16. O-O Ne8 17. Rc1 Qb7 18. Rfd1 Rac8 19. Qd3 Nb8 20. Nh4 Nd7 21. f4 cxd4 22. cxd4 Rxc1 23. Rxc1 Rc8 24. Qf1 Rxc1 25. Qxc1 Qc7 26. Qxc7 Nxc7 27. Nhf3 b5 28. Be1 Nb6 29. Nb3 Nc4 30. Bc3 Na8 31. Na5 Nxa5 32. Bxa5 Kf8 33. g4 1/2-1/2

[Event "Landesklasse Ost 2025/26"]
[Site "?"]
[Date "2026.03.29"]
[Round "8.2"]
[White "Klebe, Jan"]
[Black "Kalisch, Michael"]
[Result "1/2-1/2"]
[WhiteElo "2015"]
[BlackElo "2085"]
[WhiteFideId "-1"]
[BlackFideId "-1"]
[PlyCount "26"]
[GameId "561670165312"]
[EventDate "2025.09.14"]
[EventType "team-tourn"]
[EventRounds "9"]
[SourceTitle "Thueringer Schachbund"]
[Source "ThSB"]
[SourceDate "2025.09.14"]
[SourceVersion "1"]
[SourceVersionDate "2025.09.14"]
[SourceQuality "1"]
[WhiteTeam "SV Thuringia Königsee"]
[BlackTeam "ESV Lok Sömmerda"]

{[%evp 0,26,16,56,44,39,13,41,78,66,66,53,67,72,76,65,69,-39,32,65,83,70,111,78,84,111,118,78,111]} 1. d4 d5 2. Nc3 Nf6 3. Bf4 c5 4. e3 cxd4 5. exd4 a6 6. Nf3 Nc6 7. Ne5 Qb6 8. Na4 Qa5+ 9. c3 Bf5 10. Nc5 Qb6 11. Na4 Qa5 12. Nc5 Qb6 13. Na4 Qa5 1/2-1/2

[Event "Landesklasse Ost 2025/26"]
[Site "?"]
[Date "2026.03.29"]
[Round "8.3"]
[White "Bachmann, Nick"]
[Black "Kreutzmann, Henry"]
[Result "1/2-1/2"]
[WhiteElo "1885"]
[BlackElo "1775"]
[WhiteFideId "-1"]
[BlackFideId "-1"]
[PlyCount "24"]
[GameId "561670165316"]
[EventDate "2025.09.14"]
[EventType "team-tourn"]
[EventRounds "9"]
[SourceTitle "Thueringer Schachbund"]
[Source "ThSB"]
[SourceDate "2025.09.14"]
[SourceVersion "1"]
[SourceVersionDate "2025.09.14"]
[SourceQuality "1"]
[WhiteTeam "ESV Lok Sömmerda"]
[BlackTeam "SV Thuringia Königsee"]

{[%evp 0,24,56,53,81,19,66,66,70,103,130,119,152,134,143,87,111,95,154,85,123,80,81,81,51,33,20]} 1. e4 c5 2. c3 g6 3. d4 cxd4 4. cxd4 Bg7 5. Nc3 e6 6. Nf3 Ne7 7. Bd3 O-O 8. O-O a6 9. Be3 b5 10. a3 Bb7 11. Rc1 Nbc6 12. Bb1 Rc8 1/2-1/2